| 000 | 00453nam a2200169 i 4500 | ||
|---|---|---|---|
| 001 | 21493 | ||
| 003 | ES-MaACL | ||
| 005 | 20250819063028.0 | ||
| 007 | t| | ||
| 008 | 021126s1966 sp ||||1| spa d | ||
| 100 | 1 |
_aAlborg, Juan Luis, _d1914-2010 _919409 |
|
| 245 | 1 | 0 |
_aCervantes / _cJuan Luis Alborg. |
| 260 |
_aMadrid : _bGredos, _c1966. |
||
| 300 |
_a190 p. ; _c26 cm. |
||
| 852 |
_aES-MaACL _jC-31504 _bR.61947 |
||
| 999 |
_c21493 _d21493 |
||